书目信息 |
| 题名: |
建筑结构设计与PKPM系列程序应用
|
|
| 作者: | 欧新新 , 崔钦淑 主编 | |
| 分册: | ||
| 出版信息: | 北京 机械工业出版社 2005.08 |
|
| 页数: | 273页 | |
| 开本: | 24cm | |
| 丛书名: | 21世纪高等教育土木工程系列规划教材 | |
| 单 册: | ||
| 中图分类: | TU311.41 | |
| 科图分类: | ||
| 主题词: | 建筑结构--jian zhu jie gou--计算机辅助设计--高等教育--教材 | |
| 电子资源: | ||
| ISBN: | 7-111-17005-9 | |
| 000 | 01048nam 2200265 450 | |
| 001 | 012006416734 | |
| 005 | 20060303111440.42 | |
| 010 | @a7-111-17005-9@dCNY22.00 | |
| 100 | @a20060303d2005 km y0chiy0120 ea | |
| 101 | 0 | @achi |
| 102 | @aCN@b110000 | |
| 105 | @aa a 000yy | |
| 200 | 1 | @a建筑结构设计与PKPM系列程序应用@Ajian zhu jie gou she ji yu PKPM xi lie cheng xu ying yong@f欧新新, 崔钦淑主编@Fou xin xin,cui qin shu zhu bian |
| 210 | @a北京@c机械工业出版社@d2005.08 | |
| 215 | @a273页@c图@d24cm | |
| 225 | 2 | @a21世纪高等教育土木工程系列规划教材@A21 shi ji gao deng jiao yu tu mu gong cheng xi lie gui hua jiao cai |
| 320 | @a有书目。 | |
| 330 | @a本书主要内容包括:PKPM系列程序简介、水平及竖向分体系的设计、PK结构计算绘图程序等。 | |
| 410 | 0 | @12001 @a21世纪高等教育土木工程系列规划教材 |
| 606 | 0 | @a建筑结构@Ajian zhu jie gou@x计算机辅助设计@x高等教育@j教材 |
| 690 | @aTU311.41@v4 | |
| 701 | 0 | @a欧新新@Aou xin xin@4主编 |
| 701 | 0 | @a崔钦淑@Acui qin shu@4主编 |
| 801 | 0 | @aCN@bQSSK@c20060303 |
| 905 | @a10447@dTU311.41@eQ367 | |
| 建筑结构设计与PKPM系列程序应用/欧新新, 崔钦淑主编.-北京:机械工业出版社,2005.08 |
| 273页:图;24cm.-(21世纪高等教育土木工程系列规划教材) |
| ISBN 7-111-17005-9:CNY22.00 |
| 本书主要内容包括:PKPM系列程序简介、水平及竖向分体系的设计、PK结构计算绘图程序等。 |
| ● |
| 相关链接 |
|
|
|
正题名:建筑结构设计与PKPM系列程序应用
索取号:TU311.41/Q367
 
预约/预借
| 序号 | 登录号 | 条形码 | 馆藏地/架位号 | 状态 | 备注 |
| 1 | 553659 | 205536598 | 建筑库101/101建筑库 79排1列4层/ [索取号:TU311.41/Q367] | 在馆 | |
| 2 | 553660 | 205536605 | 建筑库101/101建筑库 79排1列4层/ [索取号:TU311.41/Q367] | 在馆 | |
| 3 | 553661 | 205536614 | 建筑库101/ [索取号:TU311.41/Q367] | 在馆 |